000 00406pab a2200157 454500
008 180718b2018 xxu||||| |||| 00| 0 eng d
100 _aGaffar, Abdul
245 _aApproaching the Rohingya crisis: calling for a security governance framework
260 _c2018
300 _ap.98-121.
362 _aJan-Mar
650 _aRohingya
650 _aRefugees
773 _aWorld Affairs
909 _a116803
999 _c116797
_d116797